Pays d'Amérique du Sud Aléatoires - Carte Quiz - Statistiques

Statistiques générales
  • Ce quiz a été pris 4 025 fois
  • Le résultat moyen est 5 sur 6
Réponses sur la Carte
Les réponses sont colorées sur une échelle allant du rouge au vert en fonction du pourcentage des utilisateurs qui les ont devinées à leur premier essai. Vous pouvez retrouver ces pourcentages ci-dessous.
 
Statistiques - réponses
Réponse % Correct
Brésil
97%
Argentine
94%
Chili
93%
Îles Malouines
(Royaume-Uni)
89%
Colombie
87%
Équateur
87%
Uruguay
87%
Pérou
86%
Paraguay
84%
Bolivie
83%
Guyane française
83%
Guyana
82%
Venezuela
82%
Suriname
78%
Aucun quiz correspondant
Distribution des résultats
% des personnes avec chaque résultat
Percentile par nombre de réponses
Votre historique - résultats
Vous n’avez pas pris ce quiz